[Event "Espe Cup"]
[Site "Ecuador"]
[Date "1999.??.??"]
[Round "?"]
[White "Mera Cedeno, Angel"]
[Black "Belli Pino, Mario"]
[Result "0-1"]
[WhiteElo "2395"]
[BlackElo "2360"]
[Annotator "Belli,M"]
[PlyCount "106"]
[EventDate "1999.??.??"]
[EventType "tourn"]
[EventRounds "11"]
[EventCountry "ECU"]
[EventCategory "3"]
[SourceTitle "EXT 2000"]
[Source "ChessBase"]
[SourceDate "1999.11.16"]
[SourceVersion "1"]
[SourceVersionDate "1999.11.16"]
[SourceQuality "1"]

1. c4 e5 2. g3 Nc6 3. Bg2 Nf6 4. Nf3 Bc5 5. O-O d6 6. Nc3 a6 7. d3 h6 8. Rb1
O-O 9. Ne1 Nd4 {(con idea de c6, d5)} 10. b4 Ba7 11. a4 c6 12. e3 Nf5 13. b5 d5
(13... axb5 14. axb5 d5 15. bxc6 bxc6 16. Nc2) 14. bxc6 bxc6 15. Nc2 Be6 $1 16.
Ba3 (16. Nb4 $2 Qd7 $1 17. Nxa6 d4 $1 {-+}) 16... Re8 17. e4 $6 dxe4 18. Nxe4
Nxe4 19. Bxe4 Qd7 20. Qf3 $2 (20. Nb4 $2 Nd4 21. Nxa6 Bg4 {-+}) 20... Rac8 21.
Rfe1 Nd4 $1 22. Nxd4 Bxd4 23. Qg2 Bh3 24. Qh1 Re6 25. Bb2 Bc5 $1 26. Bg2 $6
Bxg2 27. Qxg2 Qxd3 {-+} 28. Rbc1 Rf6 29. Rf1 Re8 30. Ba1 Ree6 31. Rce1 Qxc4 32.
Bxe5 Rf5 33. Bf4 g5 34. Rxe6 Qxe6 35. Bd2 Qe2 36. Be1 Rd5 37. Qh3 Qe6 $2 (37...
Rd1 $1 38. Qc8+ (38. Qxh6 Be7 {-+}) 38... Bf8 {-+}) 38. Qxe6 fxe6 39. Bc3 Rf5
40. Kg2 Kf7 41. f3 Be7 42. Rb1 Rc5 43. Rb3 h5 44. Kf1 a5 45. Ke2 Rc4 $6 (45...
e5 $5 46. Kd3 Ke6 47. Rb8 Bf6 48. Bd2 Rd5+ 49. Ke3 Bd8) 46. Bxa5 Rxa4 47. Bd2
e5 48. Rb6 Rc4 49. Kd3 Rd4+ 50. Ke2 e4 51. fxe4 Rxe4+ 52. Kd3 Re6 53. Be3 $4
Rxe3+ 0-1

[Event "Moscow"]
[Site "Moscow"]
[Date "1981.04.??"]
[Round "4"]
[White "Smejkal, Jan"]
[Black "Timman, Jan H"]
[Result "1-0"]
[WhiteElo "2535"]
[BlackElo "2620"]
[Annotator "Belov,I"]
[PlyCount "171"]
[EventDate "1981.04.08"]
[EventType "tourn"]
[EventRounds "13"]
[EventCountry "URS"]
[EventCategory "15"]
[SourceTitle "MCL"]
[Source "ChessBase"]
[SourceDate "1999.07.01"]
[SourceVersion "1"]
[SourceVersionDate "1999.07.01"]
[SourceQuality "1"]

1. c4 e5 2. Nc3 Nf6 3. Nf3 Nc6 4. g3 d5 5. cxd5 Nxd5 6. Bg2 Nb6 7. d3 Be7 8. a3
a5 (8... O-O 9. b4 Be6) 9. Be3 O-O 10. O-O Bg4 (10... Be6 11. Rc1 Qd7 $5 12. d4
exd4 13. Nxd4 Nxd4 14. Qxd4 Qxd4 15. Bxd4 c5 16. Be3 Nc4 $10 {Seirawan,
Y-Polgar,Z/Monaco/1993/Inf 57/(35)/}) 11. Rc1 Re8 12. Na4 (12. Re1 $1 Bf8 13.
Na4 Nxa4 14. Qxa4 Bd7 $2 (14... Qc8 $142 $14) 15. Qb3 $16 {Suba,M-Mestel,J/
Beer Sheva/1984/1:0 (38) Inf 37/29/}) (12. Nd2 $1 Qd7 13. Re1 Ra6 14. Bxb6 cxb6
15. Qa4 $1 Bg5 16. e3 $16 {Petrosian,T-Psakhis,L/URS(ch)/1983/0,5 (41) Inf 35/
41/}) 12... Nd5 13. Bc5 Bf6 14. Qb3 (14. h3 $5) 14... Rb8 (14... b6 $6 15. Be3
$16) 15. Nd2 Be6 16. Qb5 (16. Qc2 $5 b6 17. Be3 Nd4 $8 18. Bxd4 exd4 19. Qc6
$14) 16... Nd4 $1 17. Bxd4 exd4 18. Nc5 (18. Qxa5 $2 Ra8 19. Qb5 c6 20. Qb3 Nc3
$19) 18... c6 19. Qa4 Bg4 20. Nde4 (20. Bf3 $142 Bxf3 21. exf3 $10) 20... Be5 (
20... Bxe2 $5 21. Rfe1 Bg4 22. Nb3 Ra8 $15) 21. f4 (21. Rfe1 $5) 21... Bf6 22.
Rf2 Ne3 $13 23. Nb3 Be6 24. Nbc5 (24. Nxf6+ Qxf6 25. Nxd4 $2 b5 $19) 24... Bg4
25. Bf3 (25. Nb3 $10) 25... Bxf3 26. exf3 (26. Rxf3) 26... Be7 27. Nb3 Qd5 $1 (
27... f5 28. Ned2 Bf6 29. Qxa5 $16) 28. Ned2 (28. Nxa5 $2 Ra8 $19) 28... Red8 {
>< d4/} 29. Qxa5 b5 $44 30. Qc7 Bf8 $1 31. Qe5 (31. Qxc6 Qxc6 32. Rxc6 Nd1 33.
Re2 Nxb2 34. Nf1 Bxa3 $17) 31... Qd7 32. Nc5 $2 (32. Ne4 $142) 32... Bxc5 $2 (
32... Qa7 {/\ Rd5/} 33. Ncb3 Rd5 34. Qe4 Qd7 $19 {/\ Re8/}) 33. Qxc5 Rbc8 34.
Ne4 h6 35. Qb4 Qd5 36. Rc5 Qa2 37. Rc1 Re8 $4 (37... Qd5 $142 $10) 38. b3 $18
c5 39. Nxc5 Rxc5 40. Qxc5 $8 Qxb3 41. Qxd4 Nd1 (41... Nf5 42. Qd7 $18) 42. Rf1
Re2 43. Rcxd1 Qc2 44. Rf2 $4 (44. Qd8+ Kh7 45. Qh4 $18) 44... Qxd1+ 45. Kg2
Rxf2+ 46. Qxf2 Qxd3 47. Qb2 f6 $6 (47... h5 $142) (47... f5) 48. g4 $1 $16 Kh7
49. Qb4 Qe2+ 50. Kg3 Kh8 (50... Qf1 $5) 51. Qe4 Qf1 52. Qe3 $1 Kh7 53. h4 {
/\ g5+-/} Kg6 54. Qe8+ Kh7 55. Qe4+ Kg8 56. Qe8+ Kh7 57. Qe4+ Kg8 58. Qe3 Kf7
59. g5 $18 Qb1 60. Kg4 hxg5 61. fxg5 fxg5 62. hxg5 g6 (62... Qb2 63. f4 Qg2+
64. Qg3 Qb2 65. Qf3 {/\ f5/}) 63. Qf4+ Kg8 64. Qb8+ Kf7 65. Qb7+ Kf8 66. Qa8+
Kg7 67. Qa7+ Kg8 68. Qb8+ Kf7 69. Qb7+ Kf8 70. Qc8+ Ke7 71. Qc5+ Ke6 72. Kf4
Qb2 73. Qc6+ Kf7 74. Qd5+ Kf8 75. Qc5+ Kf7 76. Ke3 Qb1 77. Qd5+ Kf8 78. Qd6+
Ke8 79. f4 $1 Kf7 80. Kd4 $1 Qc2 81. Qd7+ Kf8 82. Qxb5 Qf2+ 83. Ke4 Qe1+ 84.
Kd5 Qd2+ 85. Kc6 Qg2+ 86. Qd5 1-0

[Event "Odorheiu Secuiesc"]
[Site "Odorheiu Secuiesc"]
[Date "1993.??.??"]
[Round "10"]
[White "Ibragimov, Ildar"]
[Black "Schwartzman, Gabriel"]
[Result "1-0"]
[WhiteElo "2540"]
[BlackElo "2455"]
[Annotator "Belov,I"]
[PlyCount "101"]
[EventDate "1993.05.??"]
[EventType "tourn"]
[EventRounds "11"]
[EventCountry "ROU"]
[EventCategory "12"]
[SourceTitle "CBM 036"]
[Source "ChessBase"]
[SourceDate "1993.10.01"]
[SourceVersion "1"]
[SourceVersionDate "1993.10.01"]
[SourceQuality "1"]

1. c4 {Ribli} e5 2. Nc3 Nf6 3. g3 d5 4. cxd5 Nxd5 5. Bg2 Nb6 6. d3 $5 {/\ 6...
Nc6 7.Bc6 bc 8.Nf3/} Be7 7. Be3 O-O 8. Rc1 f5 9. a3 $5 (9. Nf3 {Ribli Smyslov,
V-Taher,F/Manila izt/1990/CBM19/}) 9... Kh8 (9... f4 10. Bxb6 axb6 11. Nf3 Nc6
12. O-O $14) 10. Nf3 Nc6 11. O-O Be6 (11... f4 {Ribli Ibragimov,E-Vyzmanavin,A/
URS-sf Gorky/1989/CBM16/}) (11... Bf6 {Ribli Ibragimov,I-Tiviakov,S/St.
Petersburg zt/1993/CBM34/}) 12. Na4 (12. b4 $6 a5 13. b5 Nd4 14. Nxe5 Bxa3 15.
Bxb7 Bxc1 16. Bxc1 Nd5 $1 17. Nxd5 Bxd5 18. Bxa8 Bxa8 $15 {Romanishin/}) 12...
f4 (12... e4 {Ribli} 13. Ne1 exd3 14. Nxd3 $14) 13. Nc5 (13. Bc5 $5 Nxa4 14.
Qxa4 Bd5 15. Qb5 $14) 13... Bd5 14. Bd2 Bxc5 (14... Rb8 {Ribli} 15. b4 $14) 15.
Rxc5 Qe7 16. b4 $5 $146 (16. Qc1 Rf7 17. b4 Bxf3 18. Bxf3 Nd4 19. Qd1 c6 $10 {
Cebalo,M-Romanishin,O Taxco 1985 Inf 39/48/}) 16... Rf7 (16... Rad8 $5 {
/\e4 Romanishin/}) (16... Rad8 $5 {Ribli}) 17. e4 $1 fxe3 18. Bxe3 Qd6 (18...
h6 19. Nh4 Qe6 20. Be4 {/\21.Qh5+/-/}) (18... Raf8 $2 {Ribli} 19. Ng5 $18) 19.
Ng5 Rd7 (19... Re7 20. Qh5 (20. Bxd5 {Ribli} Nxd5 21. Qh5 Nf6 22. Nf7+ Kg8 23.
Nxd6 Nxh5 24. Nxb7 $18) 20... Bg8 21. Be4 $16) 20. Bh3 Re7 21. Qh5 Bg8 (21...
g6 22. Qh4 {/\Ne4+/-/}) 22. b5 Nd4 23. Ne4 Qg6 $8 24. Qxg6 (24. Rxe5 $2 Rxe5
25. Qxe5 Nf3+ $19) 24... hxg6 25. Bxd4 exd4 26. Rfc1 Nd5 27. a4 $16 a6 (27...
Rf8 28. a5) 28. bxa6 $1 Rxa6 29. a5 c6 30. Rb1 Ra7 31. Nd6 Rc7 32. Re1 Re7 33.
Rxe7 Nxe7 34. Re5 Nd5 35. Re8 Nf6 36. Rb8 Rxa5 37. Be6 Kh7 (37... Ra3 38. Nf7+
Kh7 39. Ng5+ Kh8 (39... Kh6 40. h4 Bxe6 41. Rh8+ $18) 40. Bf7 Rxd3 41. Bxg6 $18
) 38. Bxg8+ Nxg8 39. Rxb7 Nf6 (39... Ra3 40. Ne8 Rxd3 41. Rxg7+ Kh8 42. Rxg6
$16) 40. Nc4 Rf5 (40... Ra1+ {Ribli} 41. Kg2 Rd1 42. Ne5 $16) 41. Rc7 c5 42. h3
Rh5 43. Nd6 $6 (43. Kg2 $5) (43. Kg2 $5 {Ribli}) 43... Rd5 (43... Rxh3 $5 44.
Rxc5 (44. Ne4 Nxe4 45. dxe4 Rh5 46. f4 d3 47. e5 Rf5 $13) (44. Nf7 {Ribli} Rh5
45. f4 Rf5 46. Ng5+ Kh6 47. Rc8 Kh5 48. Kg2 Kg4 49. Nf3 $18) 44... Rh5 45.
Rxh5+ gxh5 46. Nb5 Nd7 47. Nxd4 Ne5 $10) 44. Rc6 g5 45. g4 $1 Nd7 $6 (45... Kg8
$5) 46. Ne4 Kg8 47. Rc7 Kf8 48. Nxg5 $18 Ke7 (48... Rxg5 {Ribli} 49. Rxd7 $18)
49. Ne4 Kd8 50. Rc6 Ke7 51. f4 1-0

[Event "Kurgan"]
[Site "Kurgan"]
[Date "1993.??.??"]
[Round "?"]
[White "Vaulin, Alexander"]
[Black "Savon, Vladimir A"]
[Result "1/2-1/2"]
[WhiteElo "2500"]
[BlackElo "2450"]
[Annotator "Belov,I"]
[PlyCount "57"]
[EventDate "1993.12.??"]
[EventType "tourn"]
[EventRounds "13"]
[EventCountry "RUS"]
[EventCategory "8"]
[SourceTitle "CBM 039"]
[Source "ChessBase"]
[SourceDate "1994.04.01"]
[SourceVersion "1"]
[SourceVersionDate "1994.04.01"]
[SourceQuality "1"]

1. c4 e5 2. g3 Nf6 3. Bg2 d5 4. cxd5 Nxd5 5. Nc3 Nb6 6. Nf3 Nc6 7. O-O Be7 8.
Rb1 $5 O-O (8... a5 $5 9. b3 O-O 10. Bb2 Re8 11. d3 Bf8 12. Nd2 Nd4 13. e3 Nf5
14. Nc4 c6 15. Qc2 {Adorjan,A-Cebalo,M /Polanica Zdroj/1992/ 0,5(15)}) (8... f6
9. d3 Be6 10. a3 O-O 11. b4 Qe8 12. Be3 Rd8 13. Nd2 Qf7 14. Qc1 Nd5 15. Nxd5
Bxd5 16. b5 $14 {Adorjan,A-Kallai,G /HUN/1991/ 1:0(81)}) 9. b4 a6 (9... e4 10.
Nxe4 Nxb4 11. a3 N4d5 12. Qc2 Nf6 13. Nc3 c6 14. e4 Nc4 15. Qa2 Na5 16. d4 Bg4
17. Be3 Be6 18. d5 $14 {Sorokin,M-Savon,V /Cheliabinsk/1991/}) 10. a4 (10. a3
Re8 11. d3 Bf8 12. Bb2 Nd4 13. Nd2 c6 14. e3 Nb5 15. Nf3 Nxc3 16. Bxc3 $14 {
Adorjan,A-Lin,W /Zhenzhen/1992/ 0,1(61)}) 10... Nxb4 $5 $146 (10... Bf5 11. b5
$1 axb5 {Serper,G-Kamsky,G /Dortmund/1993/ 1.0(60) Inf 57/33/} 12. axb5 $1 Bxb1
$6 13. bxc6 $18 {Serper/}) (10... Bxb4 11. Nxe5 Bxc3 12. Nxc6 bxc6 13. dxc3
Qxd1 14. Rxd1 Nxa4 15. Ba3 $16 {Serper/}) 11. Nxe5 a5 $1 12. d4 c6 13. e4 Be6
14. Be3 (14. Re1 $5 f6 15. Nf3 Qd7 16. Bf4 (16. Be3 Nc4) 16... Rad8 $13) (14.
f4 $6 f5 15. Re1 fxe4 16. Nxe4 N6d5 $15) 14... f6 15. d5 $6 (15. Nf3 Bc4 16.
Re1 Nd3 17. Re2 Bb4 18. Rc2 $13) 15... cxd5 (15... fxe5 $5 16. dxe6 Nc4 $15)
16. Bxb6 $8 Qxb6 17. Nxd5 Qd8 $6 (17... Bxd5 $5 18. Rxb4 $8 axb4 19. Qxd5+ Kh8
20. Nf7+ Rxf7 21. Qxf7 Bc5 $15) 18. Nc4 $14 Bc5 (18... Bxd5 $6 19. exd5 Bd6 20.
Re1 Qc7 21. Qe2 $16) 19. Qh5 Qe8 (19... Bxd5 $6 20. exd5 Qd7 21. Rfd1 $16) 20.
Qh4 (20. Qxe8 Rfxe8 21. Nc7 $2 Bxc4 $19) 20... Qf7 21. Rfd1 Rfd8 22. Ncb6 $8
Rab8 (22... Bxb6 23. Nxb6 Rab8 $10) 23. Qf4 Nc6 24. Bf1 Nb4 25. h4 (25. Bg2 Nc6
$10) 25... Bxb6 $10 (25... Nxd5 26. Nxd5 Bxd5 $6 27. exd5 Rxd5 $4 28. Rxd5 Qxd5
29. Bc4 $18) 26. Nxb6 Qe7 27. e5 (27. Nd5 Bxd5 $1 28. exd5 Qd6 $15) 27... Qc5
$1 28. Nc4 fxe5 29. Qxe5 1/2-1/2

[Event "Brno"]
[Site "Brno"]
[Date "1993.??.??"]
[Round "3"]
[White "Blatny, Pavel"]
[Black "Schlosser, Philipp"]
[Result "1-0"]
[WhiteElo "2510"]
[BlackElo "2550"]
[Annotator "Blatny,P"]
[PlyCount "67"]
[EventDate "1993.08.??"]
[EventType "tourn"]
[EventRounds "9"]
[EventCountry "CZE"]
[EventCategory "13"]
[SourceTitle "CBM 037"]
[Source "ChessBase"]
[SourceDate "1993.12.01"]
[SourceVersion "1"]
[SourceVersionDate "1993.12.01"]
[SourceQuality "1"]

1. c4 {Ribli} e5 2. g3 Nf6 3. Bg2 d5 4. cxd5 Nxd5 5. Nc3 Nb6 6. Nf3 Nc6 7. d3
Be7 8. O-O O-O 9. a3 Re8 (9... a5 $5) 10. b4 Bf8 11. Bb2 Bg4 {Zusammen mit dem
naechsten Zug ein Schritt in dem falschen Richtung. In der Analyse waren wir
einig, dass 11...a5 guten Gegenspiel gibt.} (11... a5 $5 12. b5 Nd4 13. Nxd4
exd4 14. Ne4 a4 $1 $132) 12. Rc1 (12. Nd2 {Ribli Winants,L-De Boer,G/Wijk-B/
1992/CBM28/}) 12... Nd4 $6 (12... a5 13. b5 Nd4) (12... Qd7 {Ribli} 13. Ne4 Bh3
$2 14. Bxh3 Qxh3 15. b5 $18) 13. Nxd4 (13. Nd2 {Ribli} c6 $13) 13... exd4 14.
Ne4 c6 (14... f5 {ist zu riskant wegen} 15. f3 $1 (15. Nc5 {Ribli} Bxe2 16.
Qb3+ Kh8 17. Rfe1 $16) 15... Bh5 (15... fxe4 16. fxg4 exd3 17. exd3 c6 18. b5
$5 (18. Rf4) 18... cxb5 19. Bxb7 Rb8 20. Bc6 Re5 21. Rf4 {gefolgt von Db3 mit
klar besseren Stellung.}) 16. Nc5 {und Schwarz verliert einen Bauer.}) 15. h3
Be6 16. Nc5 Rb8 (16... Bxc5 $6 17. bxc5 Nd5 18. Qa4 $18) 17. Re1 $1 g6 $6 {
Schwarz wollte seine Probleme mit Bd4 loesen, diese Schwaechung der Diagonale
a1-h8 ermoeglicht aber Weiss, sein Druck noch zu steigern. Gleichzeitig ist 
den Tausch auf c5 in die Zukunft fast ausgeschlossen. Besser war} (17... Bd5
18. Bf1 $1 {Die pointe von 17.Te1. Schwarz muss jetz mit 18...Le6 passiv
abwarten - er steht schlechter, aber Weiss verfuegt nicht ueber so direktem
Plan wie in der Partie.}) 18. Rc2 Bg7 19. Qa1 Nd5 (19... Na4 $6 20. Nxa4 Bb3 {
geht nicht wegen} 21. Rc4 $1 {Nicht aber} (21. Nc5 Bxc2 22. Qc1 b6 23. Na6 Ba4
24. Nxb8 Qxb8 {mit unklarem Spiel.}) 21... Bxa4 22. Bxd4 b5 23. Bxg7 bxc4 24.
Bh8 {und Weiss gewinnt.}) 20. e3 (20. Bxd4 $2 Nxb4 $13) 20... Nc7 (20... Nc3
21. Bxc3 dxc3 22. d4 $18) 21. Kh2 {Weiss beeilt sich nicht mit Bauerngewinn 
(das waere grobe strategische Fehler) und optimalisiert seine Stellung.Schwarz
hat keinen vernuenftigen Gegenspiel.} Bf5 22. e4 Be6 23. f4 $16 a5 $2 {Ein
verzweifelten Versuch in schwierigem Stellung.Die abwartenden Alternativen
waren doch noch besser als den Textzug, welche gibt einen Bauern ab.} (23...
Nb5 24. a4 Nc7 $16 (24... Nc3 {Ribli} 25. Bxc3 dxc3 26. e5 $18)) (23... g5 $5)
24. bxa5 Nb5 25. a6 b6 (25... bxa6 26. Nxa6 Ra8 (26... Rb6 {Ribli} 27. Nc5 $18)
27. Nb4 $18) 26. Nxe6 Rxe6 27. e5 c5 28. Qa2 $1 Nc7 (28... Na7 29. Bd5 Re7 30.
a4 {und Weiss soll nur eine angenehme Entscheidung machen zwischen Plan mit
a4-a5, welche die schwarze Bauernkette zerstoert und freien Bahn fuer weisse
Kraefte macht, oder Plan mit Tf2,f4-f5 und starken Angriff auf f-Linie und
diag.a2-g8.}) 29. a7 Rc8 30. Bb7 $18 Ra8 31. Bxa8 Nxa8 (31... Qxa8 32. Bxd4)
32. Qc4 Qd7 33. Bxd4 $1 Qxa7 (33... cxd4 34. Qc8+ Qe8 35. Qb8 $18) 34. Bb2 {
und Schwarz hat aufgegeben.Gegen 35.d4 mit entscheidenden Oeffnung den schwar-
zen Stellung gibts keine Verteidigung.} 1-0

[Event "Candidates m6"]
[Site "Sarajevo"]
[Date "1991.??.??"]
[Round "5"]
[White "Timman, Jan H"]
[Black "Huebner, Robert"]
[Result "1-0"]
[WhiteElo "2630"]
[BlackElo "2620"]
[Annotator "Borik,O"]
[PlyCount "54"]
[EventDate "1991.01.??"]
[EventType "match"]
[EventRounds "7"]
[EventCountry "BIH"]
[SourceTitle "Candidates"]
[Source "ChessBase"]
[SourceDate "1999.07.01"]
[SourceVersion "2"]
[SourceVersionDate "1999.07.01"]
[SourceQuality "1"]

1. c4 {Ribli} e5 2. Nc3 Nf6 3. Nf3 Nc6 4. g3 Bb4 5. Bg2 O-O 6. O-O Re8 7. Nd5
Nxd5 8. cxd5 Nd4 9. Nxd4 exd4 10. e3 c5 $2 {Laut Timman ein Fehler, der
übrigens schon in der Praxis vorgekomen war, was Dr.Hübner entgangen war.} (
10... dxe3 {Ribli} 11. dxe3 d6 12. Bd2 $14) (10... Bc5 $5 {Ribli}) 11. a3 Ba5
12. exd4 cxd4 13. d6 {Der La5 geriet ins Abseits.} Qf6 (13... Re6 {Ribli} 14.
b4 Bb6 15. d3 Rxd6 16. Bf4 Re6 17. Bd5 $14 {Timman}) 14. d3 Qxd6 15. Bf4 Qa6
16. b4 Bd8 17. Re1 Rf8 18. Qh5 d6 19. Bd5 Bd7 20. a4 Rc8 21. Be4 g6 22. Qf3 Rc7
23. b5 Qb6 24. Bh6 a6 (24... Re8 25. Bd5 {mit Gewinn, z.B.} Be6 26. Bxe6 fxe6
27. Rxe6 {(27...Txe6?? 28.Df8 matt), und weiter Dd5, Tae1 usw.}) 25. Bd5 Bf5
26. g4 Bc8 27. Re2 axb5 {und Schwarz gab gleichzeitig auf: Tae1 nebst Te8
entscheidet, z.B.} (27... axb5 28. Rae1 Bd7 29. Qxf7+ $3 Rxf7 30. Re8+ Bxe8 31.
Rxe8# {matt}) 1-0

[Event "Andorra op 15th"]
[Site "Andorra"]
[Date "1997.??.??"]
[Round "5"]
[White "Psakhis, Lev"]
[Black "Ivanov, Jordan"]
[Result "1/2-1/2"]
[WhiteElo "2610"]
[BlackElo "2365"]
[Annotator "Bulletin"]
[PlyCount "80"]
[EventDate "1997.07.??"]
[EventType "swiss"]
[EventRounds "9"]
[EventCountry "AND"]
[SourceTitle "CBM 058 Extra"]
[Source "ChessBase"]
[SourceDate "1997.07.29"]
[SourceVersion "1"]
[SourceVersionDate "1997.07.29"]
[SourceQuality "1"]

1. c4 e5 2. Nc3 Nc6 3. Nf3 Nf6 4. g3 g6 5. d4 exd4 6. Nxd4 Bg7 7. Nxc6 bxc6 8.
Bg2 O-O 9. O-O Re8 10. Qa4 a5 11. Rd1 Qe7 12. Bf4 Ra7 13. Be3 Ra8 (13... Rb7
14. Qc2 (14. Rd2 Ng4 15. Bd4 Bxd4 16. Rxd4 f5 (16... Nxf2 $2 17. Rf4 $1)) 14...
Ng4 15. Bd4 Bxd4 16. Rxd4 Ne3 17. Qd2 Nxg2 18. Re4 Qd8 19. Rxe8+ Qxe8 20. Kxg2
Qe6 21. b3 d6 $13) 14. c5 {'!' Psakhis.} Ba6 15. Rd2 Reb8 16. Rad1 (16. Qxa5
Ne8 17. Qa4 Bxe2 18. Qc2 Bg4) 16... Bc8 17. a3 (17. Qh4 Rb4 18. Bd4 Qe6) 17...
Qe6 18. Qh4 (18. h3 $1) 18... Qg4 19. Qxg4 Nxg4 20. Bd4 (20. Bf4 Ne5) 20... Ne5
{'!' Psakhis.} 21. Rc2 Rb3 22. Na4 (22. Ne4 Rab8 23. Nd2 R3b5 24. h3 f5 $13)
22... Rab8 23. Bc3 h5 24. h3 (24. Bh3 Ng4 (24... d5 25. cxd6 Bxh3 26. dxc7 Rf8
27. Bxa5) (24... f5) 25. Bxg7 Kxg7 26. Bxg4 hxg4 27. Rd4 f5) 24... g5 25. Kf1
f5 26. Ke1 Kf7 27. f4 gxf4 (27... Nc4 28. Bxg7 Ne3 29. Bc3 Nxc2+ 30. Kd2 Nb4
31. fxg5 $1 Nd5 32. Bxd5+ cxd5 33. Kc2) 28. gxf4 Nc4 (28... Ng6 29. Bxg7 Nxf4
30. Bh6 Nxg2+ 31. Kf2 Nh4 32. Bf4 R8b7 33. e3 Ng6 34. Kf3) 29. Bxg7 Ne3 30. Bc3
{'!' Psakhis.} Nxc2+ (30... Nxg2+ $5 31. Kd2 Nxf4 (31... Ba6 32. Kc1 Nxf4 33.
Rxd7+ Ke8 34. Rxc7 Nxe2+ 35. Kd1 Rd8+ 36. Rd2 Nxc3+ 37. Nxc3 Rxd2+ 38. Kxd2
Rxb2+ 39. Ke3)) 31. Kd2 Nb4 (31... Nxa3 $5 32. bxa3 Rxa3 33. Ra1 (33. Nb2 Rbb3
(33... Ra2 34. Kc1 (34. Kc2 a4 35. Kb1 Raxb2+ 36. Bxb2 a3 37. Rd2 Rb5 $19)) 34.
Bh8 a4) 33... Rxa1 34. Bxa1 Rb4 (34... Rb1 35. Be5) 35. Nb2 $1 Ba6 36. Nd3 Bxd3
37. Kxd3 Rxf4 (37... a4)) 32. axb4 axb4 33. Be5 Ra8 34. Ra1 Ba6 35. Bf3 Bb5 36.
Rg1 {'!' Psakhis.} Rg8 (36... Rxa4 37. Rg7+ Ke6 38. Bxh5 Rxh3 39. Bf7+ Ke7 40.
Bb3+ Kd8 41. Bxa4 Bxa4 42. Rg5 Bb5 43. Rxf5 Rh2 44. Bf6+ Ke8 45. Re5+ Kf7 46.
Bd8) (36... Bxa4 37. Rg7+ Ke6 (37... Kf8 38. Rxd7 $36)) 37. Bxh5+ Kf8 38. Ra1 {
'?' Psakhis.} (38. Rxg8+ $1 Kxg8 39. Nb6 (39. Bg6 Bxa4 (39... d6 40. Bxf5 Kf7
41. cxd6 cxd6 42. Bc2 Rxh3 43. Bxd6 b3) 40. Bxf5) 39... cxb6 (39... Rxh3 40.
Nxd7 $18) (39... d6 40. cxd6 cxd6 41. Bxd6 (41. Bd4 $5 c5 42. Bf3 Rxf3 43. exf3
cxd4 44. Nc8) 41... Rxb2+ 42. Kc1 Rb3 43. Bf3 Kf7 44. Kc2 Rc3+ 45. Kb2 Re3 46.
Bc5 Re6 47. Nd7 Bxe2 48. Bxc6 $18) 40. cxb6 Ba6 41. Be8 $1 (41. Bg6 Rxh3 (41...
d6 42. Bxf5 $1 Kf7 43. Bxd6 Rxb2+ 44. Kd1 b3 45. Bd3)) 41... Rxh3 (41... d6 42.
Bxc6 Rxh3 43. Bxd6 $18) 42. Bxd7 Rh6 (42... Rh2 43. Bxc6 Rxe2+ 44. Kd1 $18) 43.
Bxf5 c5 44. Bc7 $16) 38... Rxh3 {'!' Psakhis.} 39. Bf3 (39. Nb6 $2 Rxh5 40.
Nxd7+ Ke7 41. Nf6 Rd8+) 39... Rxf3 {'!' Psakhis.} 40. exf3 Rg2+ (40... Rg2+ 41.
Ke3 Re2+ 42. Kd4 Rd2+ 43. Ke3 Re2+ 44. Kd4 Rd2+ $11) 1/2-1/2

[Event "World-ch33-KK4 Kasparov-Karpov +4-4=16"]
[Site "Seville"]
[Date "1987.10.14"]
[Round "2"]
[White "Kasparov, Garry"]
[Black "Karpov, Anatoly"]
[Result "0-1"]
[WhiteElo "2740"]
[BlackElo "2700"]
[Annotator "Bulletin"]
[PlyCount "64"]
[EventDate "1987.10.12"]
[EventType "match"]
[EventRounds "24"]
[EventCountry "ESP"]
[SourceTitle "MainBase"]
[Source "ChessBase"]
[SourceDate "1999.07.01"]
[SourceVersion "2"]
[SourceVersionDate "1999.07.01"]
[SourceQuality "1"]

1. c4 Nf6 2. Nc3 e5 3. Nf3 Nc6 4. g3 Bb4 5. Bg2 O-O 6. O-O e4 7. Ng5 Bxc3 8.
bxc3 Re8 9. f3 e3 $5 {N; Zaitsev,I; 9...ef3 - 35/44} 10. d3 $1 (10. dxe3 b6 (
10... h6 11. Nh3 d5 12. Nf4 dxc4 13. e4 $14) (10... d6 $44) 11. e4 h6 (11...
Ba6 $6 12. f4 h6 13. Nxf7 Kxf7 14. e5 Bxc4 (14... Ng8 $2 15. Bd5+ Kf8 16. Ba3+
Nge7 17. Qd3 d6 18. Qh7 $18) 15. exf6 $16 {|^}) 12. Nh3 Ba6 $44) 10... d5 $8
11. Qb3 $1 $14 (11. cxd5 Nxd5 12. Qb3 (12. Ne4 f5 13. c4 fxe4 (13... Nf6 14.
Nc3 Nd4 $10) (13... Nde7 $10) 14. cxd5 exf3 15. Rxf3 Nd4 16. Rxe3 Bg4 17. Be4
Qf6 18. Bb2 Qb6 $1 19. Bxd4 Qxd4 20. Qc1 $8 Bxe2 21. Kg2 Bxd3 $19) 12... Na5 (
12... Qxg5 13. f4 Nxf4 14. Rxf4 $44) 13. Qa3 Qxg5 14. Qxa5 Qe5 (14... b6 15. f4
$16) 15. d4 (15. f4 $2 Nxf4 16. Qxe5 Nxe2+ 17. Kh1 Rxe5 18. Bb2 Rb5 $17) 15...
Qd6 $10 {/\} 16. Ba3 Qc6 17. f4 Qxc3 18. Qa4 Nf6) 11... Na5 12. Qa3 c6 13. cxd5
cxd5 14. f4 Nc6 15. Rb1 Qc7 (15... Bg4 $5 16. Re1 (16. Rxb7 Bxe2 17. Re1 (17.
Nxf7 Qa5 $1 18. Qd6 Bxf1 19. Nh6+ Kh8 20. Nf7+ $10) 17... Bxd3 18. Nxf7 Qa5 19.
Qd6 Nd4 $13) 16... h6 (16... Qd7 17. h3 $16) 17. Nf3 Qd7 18. d4 {/\ Ne5+/=})
16. Bb2 Bg4 17. c4 $10 (17. Nf3 Qd7 18. Ba1 Re7 $5 (18... b6 19. Rfc1 {/\} Rad8
$6 20. c4 d4 21. c5 $1 $16) (18... Bh3 19. Bxh3 Qxh3 20. Rxb7 Ng4 21. Qc5 $1
$16) 19. Rfc1 Bh3 20. Bh1 Nh5 {/\ Nf4}) (17. Rfe1 $1 $14) 17... dxc4 18. Bxf6
gxf6 19. Ne4 Kg7 (19... Rxe4 $5 20. Bxe4 $8 f5 $1 (20... Bxe2 21. Rfe1 $16) 21.
Bf3 Nd4 (21... Bxf3 22. Rxf3 Nd4 23. Rxe3 Nc2 24. Qe7 $18) 22. dxc4 Bxf3 23.
exf3 e2 24. Rfe1 Qxc4 $44) 20. dxc4 $15 (20. Nxf6 $5 Kxf6 21. Rb5 {Makarichev,
S; Radovsky} Rad8 22. Qc3+ Ke7 23. Qxc4 $13) (20. h3 Bxe2 21. Nxf6 Bxf1 22. Qc3
Re5 $1) (20. Qc3 Qd8 $1 (20... Qe7 21. Rxb7 Qxb7 22. Nxf6 Kf8 23. Nxg4 $18) 21.
dxc4 Qd4 (21... Nd4 22. Qxe3 $1) 22. Rxb7 Rxe4 23. Qxd4 Rxd4 24. Bxc6 $10) (20.
Nd6 Re6 21. Nxc4 Rd8 22. f5 Ree8 23. Rb2 Nd4 24. Rxb7 Nxe2+ 25. Kh1 Nxg3+ $1
26. Kg1 $1 (26. hxg3 $2 Qxg3 $19) 26... Ne2+ (26... Qxb7 27. Bxb7 Nxf1 28. Kxf1
Bxf5 29. Nd6 $18) (26... Nxf1 27. Rxc7 e2 28. Qxa7 $8 e1=Q 29. Rxf7+ Kh6 30.
Rxf6+ $1 Kg5 31. Qg7+ Kf4 32. Qh6#) 27. Kh1 Qc8 $5 (27... Ng3+ $10) 28. Nd6
Rxd6 29. Qxd6 Bxf5 $44) 20... Rad8 (20... Bxe2 21. Qb2 (21. Nxf6 $36) 21...
Rxe4 22. Qxe2 Re7 $13) 21. Rb3 $6 (21. Nc3 Nd4 22. Nd5 Qxc4 (22... Qd6 23. Qxd6
(23. c5 $6 Qe6 24. Nc7 Nxe2+ 25. Kh1 Qf5 26. Nxe8+ Rxe8 27. Rb3 (27. Rxb7 Qh5
$17) 27... Nd4 28. Rxe3 Nc2 $19) 23... Rxd6 24. Rxb7 Bxe2 25. Re1 Bxc4 26. Nxe3
Rde6 27. Rb4 Ne2+ 28. Kf2 Bd3 29. Nd5 Nxf4 30. Nxf4 Rxe1 31. Nxd3 R8e2+ 32. Kf3
Re3+ 33. Kf2 R1e2+ 34. Kf1 Rxg2 35. Kxg2 Rxd3 36. Ra4 $10) 23. Nxe3 Qxe2 24.
Nxg4 (24. Rbe1 Qd2 $17) 24... Qxg4 $15) 21... Nd4 $17 22. Rxe3 Qxc4 (22... Nc2
23. Qc3 Nxe3 24. Qxf6+ (24. Nxf6 Kg6 $19) 24... Kf8 25. Qh6+ Ke7 26. Qf6+ Kd7
$19) 23. Kh1 Nf5 $1 24. Rd3 Bxe2 25. Rxd8 Rxd8 26. Re1 Re8 $19 {/\ 27.Nd6 Nd6
28.Qd6 Bf3 29.Re8 Qf1#} 27. Qa5 b5 28. Nd2 Qd3 29. Nb3 Bf3 30. Bxf3 Qxf3+ 31.
Kg1 Rxe1+ 32. Qxe1 Ne3 0-1